Iowa, New Hampshire, Nevada & South Carolina - Statistics

General Stats
  • This quiz has been taken 14 times
  • The average score is 41 of 56
Answer Stats
State Year DEM/GOP Winner % Correct
Iowa 2024 GOP Donald Trump
100%
New Hampshire 2024 GOP Donald Trump
100%
Nevada 2024 GOP Donald Trump
100%
South Carolina 2024 GOP Donald Trump
100%
Iowa 2020 GOP Donald Trump
100%
New Hampshire 2020 GOP Donald Trump
100%
Nevada 2020 GOP Donald Trump
100%
South Carolina 2020 GOP Donald Trump
100%
New Hampshire 2016 GOP Donald Trump
100%
Nevada 2016 GOP Donald Trump
100%
South Carolina 2016 GOP Donald Trump
100%
Iowa 2012 DEM Barack Obama
85%
New Hampshire 2012 DEM Barack Obama
85%
Nevada 2012 DEM Barack Obama
85%
South Carolina 2012 DEM Barack Obama
85%
Iowa 2008 DEM Barack Obama
85%
South Carolina 2008 DEM Barack Obama
85%
Iowa 2024 DEM Joe Biden
85%
New Hampshire 2024 DEM Joe Biden
85%
Nevada 2024 DEM Joe Biden
85%
South Carolina 2024 DEM Joe Biden
85%
South Carolina 2020 DEM Joe Biden
85%
Iowa 2004 GOP George W. Bush
77%
New Hampshire 2004 GOP George W. Bush
77%
Nevada 2004 GOP George W. Bush
77%
South Carolina 2004 GOP George W. Bush
77%
Iowa 2000 GOP George W. Bush
77%
Nevada 2000 GOP George W. Bush
77%
South Carolina 2000 GOP George W. Bush
77%
Iowa 2016 DEM Hillary Clinton
69%
Nevada 2016 DEM Hillary Clinton
69%
South Carolina 2016 DEM Hillary Clinton
69%
New Hampshire 2008 DEM Hillary Clinton
69%
Nevada 2008 DEM Hillary Clinton
69%
New Hampshire 2012 GOP Mitt Romney
69%
Nevada 2012 GOP Mitt Romney
69%
Nevada 2008 GOP Mitt Romney
69%
New Hampshire 2020 DEM Pete Buttigieg/Bernie Sanders
69%
Iowa 2000 DEM Al Gore
62%
New Hampshire 2000 DEM Al Gore
62%
Nevada 2000 DEM Al Gore
62%
South Carolina 2000 DEM Al Gore
62%
Nevada 2020 DEM Bernie Sanders
62%
New Hampshire 2016 DEM Bernie Sanders
62%
New Hampshire 2008 GOP John McCain
54%
South Carolina 2008 GOP John McCain
54%
New Hampshire 2000 GOP John McCain
54%
Iowa 2020 DEM Pete Buttigieg
46%
Iowa 2016 GOP Ted Cruz
46%
Iowa 2004 DEM John Kerry
38%
New Hampshire 2004 DEM John Kerry
38%
Nevada 2004 DEM John Kerry
38%
South Carolina 2004 DEM John Edwards
31%
Iowa 2008 GOP Mike Huckabee
31%
South Carolina 2012 GOP Newt Gingrich
31%
Iowa 2012 GOP Rick Santorum
31%
No matching quizzes found
Score Distribution
Percent of People with Each Score
Percentile by Number Answered
Your Score History
You have not taken this quiz